Chinese tea : a cultural history and drinking guide

Bibliographic Details
Main Author: Liu Tong
Other Authors: Yue Liwen
Format: Book
Published: Beijing : China Intercontinental Press , 2010
Series:Cultural China series
Subjects:

MARC

LEADER 00000cam a2200000 7i4500
001 0000191551
005 20151216.0
020 |a 9787508516677 
090 0 0 |a 394.12   |b LIU 
100 0 |a Liu Tong 
245 1 0 |a Chinese tea :   |b a cultural history and drinking guide   |c Liu Tong ; translated by Yue Liwen 
260 |a Beijing :   |b China Intercontinental Press ,   |c 2010 
300 |a 158p. ;   |c 23cm. 
490 0 |a Cultural China series 
650 0 |a Tea   |z China 
651 0 |a China   |x Social life and customs 
700 0 |a Yue Liwen 
999 |a 00314077   |b BUKU   |c PINJAMAN   |e PERPUSTAKAAN KOMUNITI PETALING JAYA